Multiple Choice City Quiz – Birmingham - Statistics

General Stats
  • This quiz has been taken 16,265 times
  • The average score is 6 of 10
Answer Stats
Question Answer % Correct
What are people from Birmingham called? Brummies
92%
Which of these street gangs famously operated in Birmingham? The Peaky Blinders
87%
Where in England is Birmingham located? West Midlands
80%
What food company was founded in Birmingham in 1824? Cadbury
63%
What Birmingham resident enabled the Industrial Revolution by improving the steam engine? James Watt
63%
Which of these rock bands comes from Birmingham? Black Sabbath
57%
Which of these cities is only about 10 miles away from Birmingham? Wolverhampton
54%
What is the name of the major shopping area in the central part of Birmingham? Bull Ring
43%
According to the 2021 Census, about what percentage of Birmingham residents are Muslim? 30
41%
What blob-shaped building in central Birmingham has a facade covered with 15,000 aluminum discs? The Selfridges Building
32%
No matching quizzes found
Score Distribution
Percent of People with Each Score
Percentile by Number Answered
Your Score History
You have not taken this quiz